| 000 | 00818nam a2200265 a 4500 | ||
|---|---|---|---|
| 003 | MX-MxUPN | ||
| 005 | 20260624064049.0 | ||
| 008 | 260623s1999 mx|a||||r||||f000 0 spa d | ||
| 020 | _a9702300282 | ||
| 020 | _a9702300002 | ||
| 040 |
_aMX-MxUPN _bspa |
||
| 041 | 0 | _aspa | |
| 050 | 1 | 4 |
_aLC5255 M6 _bA73 1999 |
| 100 | 1 |
_aAravedo Reséndiz, María de Lourdes _928737 |
|
| 100 | 1 |
_aCórdova Ireta, María Teresa _932863 |
|
| 100 | 1 |
_aGalicia López, Alejandro F. _960081 |
|
| 245 |
_aVivamos mejor : _bcuaderno de trabajo |
||
| 260 |
_aMéxico, D.F. : _bINEA, _c1999. |
||
| 300 |
_a86 páginas : _bilustraciones |
||
| 490 | 0 | _aEducación para la vida. Ciencias | |
| 650 | 4 |
_aCiencia _xEstudio y enseñanza _96354 |
|
| 650 | 4 |
_aEducación de adultos _9956 |
|
| 902 | _aJohanaAllegre/230626 | ||
| 942 |
_2lcc _cLIBRO |
||
| 999 |
_c215433 _d215433 |
||